سياسة التعليم ونظامه في المملكة العربية السعودية : (رقم التسجيلة. 25199)

تفاصيل مارك
000 -الفاتح
حقل البيانات ثابتة الطول 00699cam a2200193 a 4500
003 - محدد رقم الضبط
رقم الضبط OSt
005 - وقت وتاريخ اخر تعامل مع التسجيلة
رقم الضبط 20150408114053.0
008 - عناصر البيانات ثابتة الطول - معلومات عامة
حقل البيانات ثابتة الطول 080424s2010 su g 000r0 ara c
040 ## - مصدر الفهرسة
وكالة الفهرسة الأصلية mu
لغة الفهرسة ara
وكالة النسخ mb
043 ## - رمز المنطقة الجغرافية
رمز المنطقة الجغرافية a-su---
082 04 - رقم تصنيف ديوى العشرى
رقم التصنيف 370.9531
رقم المادة ن ع س
رقم الطبعة 21
100 1# - المدخل الرئيسى - إسم شخصى
الإسم الشخصى نصر ، عزة جلال مصطفى
9 (RLIN) 74
245 10 - بيان العنوان
العنوان سياسة التعليم ونظامه في المملكة العربية السعودية :
بيان المسئوليه,etc فاتن محمد عزازي.
بقية العنوان الواقع - التحديات
250 ## - بيان الطبعة
بيان الطبعة ط. 1.
260 ## - PUBLICATION, DISTRIBUTION, ETC. (IMPRINT)
مكان الناشر او الموزع الرياض السعودية :
اسم الناشر او الموزع مكتبة الرشد،
تاريخ النشر أو التوزيع [2010]
300 ## - الوصف المادى
التعداد 266 ص. ؛
أبعاد الوعاء 24 سم.
650 #7 - المدخل الاضافى بالموضوع-مصطلح موضوعى
مصطلح موضوعي أو اسم جغرافي كعنصر مدخل التعليم
التقسيم الفرعي الجغرافي السعودية
مصدر الرأس أو المصطلح aucsh
942 ## - عناصر المدخل الإضافي( كوها)
مصدر التصنيف او مخطط الترفيف Dewey Decimal Classification
Koha [default] item type كتاب
المقتنيات
حالة الفقد نموذج السعر الفعال حالة تلف ليس للاعارة رقم الطلب تاريخ الاكتساب الموقع الحالي الباركود الفرع الرئيسي Date last seen نوع المادة فى نظام كوها مصدر التصنيف او خطة الترفيف Total Checkouts
  2013-03-10     370.9531 ن ع س 2012-07-28 المكتبة المركزية بالمجمعة (CL) 00093204 المكتبة المركزية بالمجمعة (CL) 2013-03-10 كتاب Dewey Decimal Classification  
  2013-03-10     370.9531 ن ع س 2012-07-28 المكتبة المركزية بالمجمعة (CL) 00093211 المكتبة المركزية بالمجمعة (CL) 2013-03-10 كتاب Dewey Decimal Classification